| 000 | 00739cab a2200193 4500 | ||
|---|---|---|---|
| 001 | L136061 | ||
| 008 | 070108n2007 000 0 eng u | ||
| 035 | _a(Sirsi) u136061 | ||
| 041 | 0 | _aeng | |
| 100 | 1 | _aMcAllister, Sean | |
| 245 | 0 | 0 |
_aRegional _bChannel Islands |
| 260 | _c2007 | ||
| 490 | 0 |
_aProperty Week _v72(1) 5 January 2007 61-70(6) |
|
| 520 | _aDiscusses a local developers plans for a supermarket on Jersey. Plans for the developments of a chain of artifical islands meets protest from Guernsey residents. Questions whether St Helier's capital support can demand support for office space. | ||
| 590 | _aKA | ||
| 651 | 4 | _aCHANNEL ISLANDS | |
| 690 | _aPROPERTY-COMMERCIAL PROPERTY-COMMERCIAL PROPERTY MARKET | ||
| 942 | _n0 | ||
| 999 |
_c78118 _d78118 |
||